Loading...
| Science - Physics | 0 | 12 | 1 | 1 | 115 | 50 | 83.00 | 4 | 8 | 26.39 | 57.42 |
| Science - Chemistry | 0 | 9 | 2 | 2 | 80 | 35 | 103.67 | 1 | 3 | 10.57 | 36.66 |
| Science - Biology | 0 | 8 | 1 | 4 | 75 | 54 | 112.00 | 1 | 1 | 7.07 | 22.21 |
| Science - Other | 0 | 7 | 2 | 2 | 60 | 74 | 108.71 | 1 | 1 | 7.33 | 20.61 |
| Mythology | 0 | 1 | 0 | 0 | 10 | 65 | 65.00 | 0 | 0 | 5.14 | 7.56 |
| Current Events | 0 | 1 | 0 | 0 | 10 | 82 | 82.00 | 0 | 1 | 3.99 | 10.14 |
| Religion | 0 | 1 | 0 | 1 | 10 | 129 | 129.00 | 0 | 0 | 0.09 | 3.32 |
| Fine Arts - Classical Music | 0 | 1 | 0 | 0 | 10 | 142 | 142.00 | 0 | 0 | 0.24 | 4.90 |
| Fine Arts - Painting & Sculpture | 0 | 1 | 0 | 0 | 10 | 55 | 55.00 | 1 | 1 | 3.60 | 5.88 |
| Geography | 0 | 1 | 0 | 0 | 10 | 87 | 87.00 | 0 | 0 | 4.56 | 10.94 |